El delito de incumplimiento de obligación alimentaria /

Bibliographic Details
Main Author: Tello Villanueva, Juan Carlos (Author)
Other Authors: Reyna Alfaro, Luis Miguel (contributor agent of text.)
Format: Electronic eBook
Language:Spanish
Published: Santiago, Chile : Ediciones Olejnik ; Lima, Perú : ARA Editores, [2023]
Series:Biblioteca de derecho penal y procesal penal.
Subjects:
Online Access:Digitalia Hispánica

MARC

LEADER 00000nam a2200000Ii 4500
001 DIGOLEJNK1454
003 NyNyDIG
006 m o d
007 cr |||||||||||
008 260106s2023 cl ob 000 0 spa d
035 |a (OCoLC)1427225613 
040 |a DGITA  |b eng  |e rda  |e pn  |c DGITA 
020 |z 9789564072838 
043 |a s-pe--- 
050 1 4 |a KHQ5537 ebook 
100 1 |a Tello Villanueva, Juan Carlos,  |e author. 
245 1 3 |a El delito de incumplimiento de obligación alimentaria /  |c Juan Carlos Tello Villanueva ; prólogo de Luis Miguel Reyna Alfaro. 
264 1 |a Santiago, Chile :  |b Ediciones Olejnik ; Lima, Perú :  |b ARA Editores,  |c [2023] 
300 |a 1 online resource. 
336 |a text  |b txt  |2 rdacontent 
337 |a computer  |b c  |2 rdamedia 
338 |a online resource  |b cr  |2 rdacarrier 
347 |a text file  |2 rdaft 
347 |b PDF 
490 1 |a Biblioteca de derecho penal y procesal penal  
504 |a Includes bibliographical references. 
588 0 |a Online resource; title from PDF title page (Digitalia, viewed January 6, 2026) 
650 0 |a Desertion and non-suppot  |z Peru. 
650 0 |a Support (Domestic relations)  |z Peru  |x Criminal provisions. 
700 1 |a Reyna Alfaro, Luis Miguel,  |e contributor agent of text. 
791 2 |a Digitalia (Firm),  |e distributor. 
793 0 |g Digitalia eBook Collection:  |a Ediciones Olejnik 
776 0 8 |i Print version:  |a Tello Villanueva, Juan Carlos.  |t Delito de incumplimiento de obligación alimentaria.  |b 1a edición.  |d Santiago, Chile : Ediciones Olejnik ; Lima, Perú : ARA Editores, 2023  |z 9789564072838 
830 0 |a Biblioteca de derecho penal y procesal penal.  
856 4 0 |3 Digitalia Hispánica  |u https://www.digitaliapublishing.com/a/157973/ 
910 |a Premium collection: 2026